Quốc triều hình luật Luật hình triều Lê
Tallennettuna:
| Aineistotyyppi: | Kirja |
|---|---|
| Kieli: | Vietnamese |
| Julkaistu: |
Hà Nội
Chính trị Quốc gia - Sự thật
2017
|
| Aiheet: | |
| Tagit: |
Lisää tagi
Ei tageja, Lisää ensimmäinen tagi!
|
| Thư viện lưu trữ: | Trung tâm Học liệu Lê Vũ Hùng, Trường Đại học Đồng Tháp |
|---|
| LEADER | 00772aam a22002298a 4500 | ||
|---|---|---|---|
| 001 | 00040783 | ||
| 005 | 20190115140106.0 | ||
| 008 | 120403s2007 ||||||viesd | ||
| 020 | # | # | |c 62000 |a 978 604 57 2636 5 |
| 041 | 0 | # | |a vie |
| 082 | 1 | 4 | |a 349.597 |b QU451TR |
| 245 | 1 | 0 | |a Quốc triều hình luật |b Luật hình triều Lê |
| 260 | # | # | |a Hà Nội |b Chính trị Quốc gia - Sự thật |c 2017 |
| 300 | # | # | |a 356tr. |c 21 cm. |
| 500 | # | # | |a ĐTTS ghi: Viện sử học Việt Nam |
| 653 | # | # | |a Lịch sử |
| 653 | # | # | |a Pháp luật |
| 653 | # | # | |a Triều Lê |
| 653 | # | # | |a Việt Nam |
| 852 | # | # | |j KD.0023196 |j KM.0024094 |
| 910 | # | # | |d 22/01/2018 |
| 980 | # | # | |a Trung tâm Học liệu Lê Vũ Hùng, Trường Đại học Đồng Tháp |